[Event "Retro WM 84 Glasgow"]
[Site "Detmold"]
[Date "2020.05.09"]
[Round "3"]
[White "Sargon III Macintosh 68000 , 7,83 MHz"]
[Black "Colossus 3.0 Atari 8 Bit , 3,5 MHz"]
[Result "0-1"]
[WhiteElo "1650"]
[BlackElo "1800"]
[PlyCount "136"]

1. d4 d5 2. Nf3 Nc6 3. g3 Bf5 4. Bf4 e6 5. Nc3 Nb4 6. Rc1 Nf6 7. Nh4 Nxc2+ 8.
Rxc2 Bxc2 9. Qxc2 Bd6 10. Bxd6 cxd6 11. e4 dxe4 12. Bb5+ Kf8 13. Be2 Rc8 14. f3
Qb6 15. fxe4 Qxd4 16. Nf3 Qc5 17. Qb3 Rc7 18. Nb5 Qc1+ 19. Bd1 Rd7 20. Qc3
Qxc3+ 21. Nxc3 d5 22. Ba4 Rc7 23. exd5 Nxd5 24. Kd2 Nxc3 25. bxc3 Ke7 26. Nd4
Rhc8 27. Nb5 Rc5 28. Re1 a6 29. Nd4 Rxc3 30. Nf5+ Kf8 31. Nd6 R8c7 32. Ne4 R3c4
33. Bb3 R4c6 34. Ke3 Ke7 35. Rd1 f6 36. Kf4 e5+ 37. Ke3 f5 38. Ng5 h6 39. Nh7
Rc8 40. Rd5 Rc3+ 41. Kd2 R3c5 42. Rxc5 Rxc5 43. Ba4 b5 44. Bb3 b4 45. Bd1 f4
46. gxf4 exf4 47. Be2 Rd5+ 48. Kc2 Ra5 49. Kb2 Kd6 50. Bd1 Rc5 51. Be2 a5 52.
Bf3 Rc3 53. Bg2 a4 54. Bf1 Rf3 55. Bb5 a3+ 56. Kb1 Rh3 57. Nf8 Rxh2 58. Bc4 f3
59. Ne6 Rh4 60. Nxg7 Rxc4 61. Nf5+ Ke5 62. Ne3 Re4 63. Nd1 Re2 64. Kc1 b3 65.
Kb1 f2 66. axb3 a2+ 67. Ka1 f1=Q 68. b4 Qxd1# {normal} 0-1

[Event "Retro WM 84 Glasgow"]
[Site "Detmold"]
[Date "2020.05.09"]
[Round "22"]
[White "Colossus 3.0 Atari 8 Bit , 3,5 MHz"]
[Black "Sargon III Macintosh 68000 , 7,83 MHz"]
[Result "0-1"]
[WhiteElo "1800"]
[BlackElo "1650"]
[PlyCount "122"]

1. d4 f5 2. Nf3 Nf6 3. Bf4 e6 4. e3 Be7 5. Bd3 Nh5 6. Be5 d6 7. Nfd2 dxe5 8.
Qxh5+ g6 9. Qd1 exd4 10. exd4 Qxd4 11. Nc3 Nc6 12. O-O Bd7 13. Nb3 Qh4 14. g3
Qh3 15. Re1 O-O-O 16. Bf1 Qh6 17. Bb5 Ne5 18. Rxe5 Bxb5 19. Qe1 Bd7 20. Rd1 Bf6
21. Re3 f4 22. Rf3 e5 23. Nc5 Bg4 24. Rxd8+ Rxd8 25. Rd3 Rxd3 26. Nxd3 Qh3 27.
Nxe5 f3 28. Nxf3 Bxf3 29. Qf1 Qxf1+ 30. Kxf1 Bxc3 31. bxc3 Bd5 32. a3 Be4 33.
Ke2 Bxc2 34. Ke3 c5 35. Kf4 b5 36. Ke5 a5 37. Kd5 b4 38. cxb4 axb4 39. axb4
cxb4 40. Kd4 Kd7 41. f4 Ke6 42. Kc4 b3 43. Kc3 Kf5 44. Kd2 Kg4 45. Kc3 Kh3 46.
Kd2 h5 47. Kc3 Kxh2 48. f5 gxf5 49. Kd2 Kxg3 50. Kc3 f4 51. Kd2 f3 52. Kc3 h4
53. Kd2 h3 54. Ke3 b2 55. Kd2 b1=Q 56. Ke3 f2 57. Kd4 Qb4+ 58. Ke5 h2 59. Ke6
h1=Q 60. Ke5 Qhe4+ 61. Kf6 Qbe7# {normal} 0-1

[Event "Retro WM 84 Glasgow"]
[Site "Salzgitter"]
[Date "2020.05.10"]
[Round "6"]
[White "Chafitz ARB 4.0 50 S TM , 24 MHz"]
[Black "Fidelity Elegance TM , 12 MHz"]
[Result "1-0"]
[WhiteElo "1915"]
[BlackElo "1910"]
[PlyCount "113"]

1. d4 Nf6 2. c4 e6 3. g3 d5 4. Bg2 Be7 5. Nf3 O-O 6. O-O c6 7. Nc3 dxc4 8. Ne5
Nd5 9. Nxc4 b6 10. Bd2 Nxc3 11. Bxc3 Bb7 12. e4 Nd7 13. Qh5 f5 14. Qe2 Rf6 15.
d5 Rh6 16. d6 Bf8 17. e5 a5 18. Rfd1 b5 19. Ne3 a4 20. Rac1 a3 21. b3 Qe8 22.
Nc2 Qh5 23. Qxh5 Rxh5 24. Nb4 Rc8 25. Bd4 Nb8 26. Ba7 Nd7 27. f4 Ra8 28. Bf2
Rh6 29. Nxc6 Kh8 30. Bf1 Bxc6 31. Rxc6 b4 32. Rc7 Rd8 33. Bb5 Nf6 34. exf6 Rxf6
35. Bc5 Rb8 36. Bc6 h6 37. Bb7 Kg8 38. Bc8 Rb5 39. Kg2 Bxd6 40. Rxd6 Rb8 41.
Rxe6 Rxe6 42. Bxe6+ Kh7 43. Bd4 Rg8 44. Bxg8+ Kxg8 45. Rxg7+ Kf8 46. Rh7 Ke8
47. Bc5 Kd8 48. Rxh6 Kd7 49. Bxb4 Kd8 50. Rf6 Ke8 51. h4 Kd7 52. h5 Kc7 53. h6
Kb7 54. h7 Kc7 55. h8=Q Kb7 56. Qh7+ Ka8 57. Rf8# 1-0

[Event "Retro WM 84 Glasgow"]
[Site "Salzgitter"]
[Date "2020.05.10"]
[Round "25"]
[White "Fidelity Elegance TM , 12 MHz"]
[Black "Chafitz ARB 4.0 50 S TM , 24 MHz"]
[Result "0-1"]
[WhiteElo "1910"]
[BlackElo "1915"]
[PlyCount "202"]

1. e4 e6 2. d4 d5 3. Nc3 Bb4 4. e5 c5 5. a3 Bxc3+ 6. bxc3 Ne7 7. Qg4 O-O 8. Nf3
Nd7 9. Bg5 Qa5 10. Bd2 c4 11. Be2 Qa4 12. Ra2 b6 13. O-O Bb7 14. Rb1 a6 15. Ng5
Nf5 16. Qh5 h6 17. Nf3 f6 18. Qg6 Ne7 19. Qg4 Nf5 20. exf6 Nxf6 21. Qf4 Nd7 22.
Nh4 Nxh4 23. Qxh4 Rf6 24. Bf3 Re8 25. Rb4 Qc6 26. Rab2 Qd6 27. a4 a5 28. Rb5
Ba6 29. Rb1 Bxb5 30. axb5 e5 31. Bh5 Ref8 32. dxe5 Nxe5 33. Be3 Rf5 34. Be2 Qf6
35. Qg3 Rf7 36. f4 Rxf4 37. Bxf4 Qxf4 38. Qxf4 Rxf4 39. Rd1 Re4 40. Kf2 Ng4+
41. Bxg4 Rxg4 42. Rxd5 Rg6 43. Rd4 Rg5 44. Rxc4 Rxb5 45. Ke3 Re5+ 46. Kd3 Kf7
47. Rc6 Re6 48. Rc7+ Kf8 49. Rc8+ Ke7 50. Rc7+ Kf6 51. Kc4 g6 52. Kb5 Re2 53.
Rc6+ Kf7 54. Rc7+ Ke8 55. Rc6 Rxg2 56. Rxb6 Kf7 57. Kxa5 Rxh2 58. Rb2 g5 59. c4
g4 60. c5 g3 61. Rb7+ Kf6 62. Rb6+ Kf5 63. Rb3 Rxc2 64. Rxg3 Rxc5+ 65. Kb4 Rc8
66. Rh3 Kg5 67. Rg3+ Kh4 68. Re3 h5 69. Rd3 Kg5 70. Rd5+ Kg4 71. Rd4+ Kf3 72.
Kb5 Rh8 73. Rd3+ Kf2 74. Rd2+ Ke3 75. Rd7 h4 76. Re7+ Kf2 77. Rf7+ Ke2 78. Re7+
Kf3 79. Rf7+ Kg2 80. Rg7+ Kh1 81. Rd7 h3 82. Rd1+ Kg2 83. Rd2+ Kf3 84. Rh2 Kg3
85. Rh1 h2 86. Kc4 Kg2 87. Ra1 h1=Q 88. Rxh1 Rxh1 89. Kc5 Rh5+ 90. Kc6 Kf3 91.
Kd6 Ke4 92. Kc6 Rd5 93. Kb6 Kd4 94. Kc6 Kc4 95. Kb6 Rc5 96. Ka6 Rc6+ 97. Ka7
Kb5 98. Kb7 Rc4 99. Ka7 Kc6 100. Ka8 Kc7 101. Ka7 Ra4# 0-1

[Event "Retro WM 84 Glasgow"]
[Site "Zoom"]
[Date "2020.05.09"]
[Round "5"]
[White "Meph. Excalibur O Serie , 8 MHz"]
[Black "Cyrus II Chess Amstrad , 8 MHz"]
[Result "1-0"]
[WhiteElo "1750"]
[BlackElo "1670"]
[PlyCount "111"]

1. d4 d5 2. c4 Nc6 3. Nc3 Nf6 4. cxd5 Nxd5 5. e4 Nxc3 6. bxc3 e6 7. Bb5 Qh4 8.
Bxc6+ bxc6 9. Qe2 Rb8 10. Nf3 Qg4 11. O-O Bd6 12. Re1 O-O 13. Ne5 Qxe2 14. Rxe2
Bxe5 15. dxe5 Ba6 16. Re1 Rb7 17. Rd1 Rfb8 18. Rd7 Bc4 19. f4 Be2 20. Be3 a5
21. a4 Bg4 22. Re1 Rb1 23. Rxb1 Rxb1+ 24. Kf2 g6 25. Rxc7 Bd1 26. Rxc6 Bxa4 27.
Ra6 Bc2 28. Rxa5 Bxe4 29. Kg3 Rb2 30. Bf2 Rd2 31. c4 Rd3+ 32. Kg4 Rd2 33. Bb6
Rxg2+ 34. Kh3 Kg7 35. Bd8 Rf2 36. Bg5 Rf3+ 37. Kg4 h5+ 38. Kh4 Rf2 39. h3 Rf3
40. c5 Bf5 41. Bf6+ Kh6 42. Bg5+ Kh7 43. Be7 Rxf4+ 44. Kg5 Rf3 45. c6 Rc3 46.
Kf6 Rxc6 47. h4 Rc7 48. Kxf7 Rc4 49. Ra7 Rd4 50. Kf8 Ra4 51. Rxa4 Bc2 52. Ra7
g5 53. Bf6+ Kg6 54. Rg7+ Kf5 55. Rxg5+ Ke4 56. Ke7 1-0

[Event "Retro WM 84 Glasgow"]
[Site "Zoom"]
[Date "2020.05.11"]
[Round "24"]
[White "Cyrus II Chess Amstrad , 8 MHz"]
[Black "Meph. Excalibur O Serie , 8 MHz"]
[Result "1-0"]
[WhiteElo "1670"]
[BlackElo "1750"]
[PlyCount "179"]

1. e4 e5 2. Nf3 Nc6 3. Bb5 a6 4. Bxc6 dxc6 5. O-O Qd6 6. d4 exd4 7. Qxd4 Bg4 8.
Qe5+ Qxe5 9. Nxe5 Be6 10. Nc3 Bc5 11. Nd3 Ba7 12. Bg5 f6 13. Bf4 O-O-O 14. Rfe1
Ne7 15. a4 g5 16. Be3 Bxe3 17. Rxe3 Rhe8 18. Nc5 Ng6 19. Nxe6 Rxe6 20. Rh3 Rd2
21. Rxh7 Rxc2 22. Rh6 Nf8 23. Rh8 Re8 24. Rb1 Kb8 25. a5 Rd2 26. b4 Rd3 27. Rb3
Rd2 28. h4 gxh4 29. Rxh4 Ne6 30. Kf1 Rc2 31. Ra3 Nd4 32. g3 Rb2 33. Ra4 Rb3 34.
Na2 Nf3 35. Rh6 Nd2+ 36. Kg2 Nxe4 37. Nc1 Rb2 38. Ra2 Rxb4 39. Nd3 Rd4 40. Nf4
Re5 41. Rh8+ Ka7 42. Rh7 Nc3 43. Ra3 Nb5 44. Ra2 Rd1 45. Rh6 Nc3 46. Ra3 Nb1
47. Ra1 f5 48. Rh7 Nc3 49. Rxd1 Nxd1 50. Rxc7 Rxa5 51. Kf3 Kb6 52. Rd7 Ra3+ 53.
Kg2 Nc3 54. Rf7 Ra5 55. Kf3 Ka7 56. Nd3 Kb6 57. Nf4 Re5 58. Nd3 Rb5 59. Kf4
Ne2+ 60. Ke3 Ng1 61. f4 Ka5 62. Ne5 Nh3 63. Rxf5 Rb3+ 64. Nd3+ b5 65. Ke4 Kb6
66. Rf6 Rc3 67. Rh6 Ng1 68. f5 Rc4+ 69. Ke3 Rc2 70. g4 Re2+ 71. Kf4 Re8 72. Ne5
Ne2+ 73. Ke4 Rc8 74. f6 Nc3+ 75. Kd4 b4 76. f7 Kb5 77. Nd7 Rd8 78. f8=Q Rxd7+
79. Ke3 Nd5+ 80. Kf3 a5 81. Qe8 Nb6 82. Qg6 Rc7 83. Qf5+ c5 84. Qf6 Nc8 85.
Qa6+ Ka4 86. Qc4 Re7 87. Rh2 Rf7+ 88. Kg3 Rf2 89. Rxf2 Nd6 90. Ra2# 1-0

[Event "Retro WM 84 Glasgow"]
[Site "Zoom"]
[Date "2020.05.12"]
[Round "4"]
[White "Cyrus II Chess Amstrad , 8 MHz"]
[Black "Meph. Excalibur Y Budapest , 8 MHz"]
[Result "1-0"]
[WhiteElo "1670"]
[BlackElo "1750"]
[PlyCount "93"]

1. e4 e6 2. d4 d5 3. Nc3 Nf6 4. Bg5 Be7 5. e5 Nfd7 6. Bxe7 Qxe7 7. Qg4 f6 8.
Qh5+ g6 9. Qe2 Nc6 10. exf6 Nxf6 11. Nf3 O-O 12. O-O-O a5 13. g3 Ng4 14. Bh3
Nh6 15. Rhe1 Nf5 16. Bxf5 Rxf5 17. Rd3 Nb4 18. Re3 c5 19. Kb1 Qf8 20. dxc5 Bd7
21. a3 Na6 22. c6 bxc6 23. h3 Nc5 24. g4 Rf4 25. Rd1 Rb8 26. Rd4 Qh6 27. Ka2
Rf7 28. h4 Rf4 29. g5 Qf8 30. b3 Rf7 31. Rd2 Rf4 32. h5 gxh5 33. Rd4 Rg4 34.
Re5 Ra8 35. Rd2 h4 36. Rd1 a4 37. b4 Rf4 38. Re3 Nb7 39. Rd4 h3 40. Qd3 Rxd4
41. Nxd4 Qe7 42. Nf5 Qf8 43. Nh6+ Kh8 44. Rf3 Qb8 45. Rf7 Qg8 46. Nxg8 h2 47.
Qxh7# 1-0

[Event "Retro WM 84 Glasgow"]
[Site "Zoom"]
[Date "2020.05.13"]
[Round "23"]
[White "Meph. Excalibur Y Budapest , 8 MHz"]
[Black "Cyrus II Chess Amstrad , 8 MHz"]
[Result "1-0"]
[WhiteElo "1750"]
[BlackElo "1670"]
[PlyCount "69"]

1. e4 Nf6 2. e5 Nd5 3. Nf3 e6 4. c4 Nb6 5. d4 Bb4+ 6. Bd2 Bxd2+ 7. Nbxd2 Nc6 8.
c5 Nd5 9. Bc4 Nf4 10. g3 Ng6 11. Ne4 O-O 12. O-O Qe7 13. Qd2 Re8 14. Qe3 b6 15.
cxb6 axb6 16. Rfc1 Bb7 17. Rc3 Ra7 18. Rac1 Rea8 19. Bb3 b5 20. Nfg5 b4 21.
R3c2 Ra6 22. Nc5 R6a7 23. Nxb7 Rxb7 24. f4 h6 25. Ne4 Ra5 26. Qd2 Rbb5 27. Rc5
Rxc5 28. dxc5 Kf8 29. Rd1 Ke8 30. Bc4 Rxc5 31. Nxc5 Qxc5+ 32. Kg2 Qxc4 33.
Qxd7+ Kf8 34. Qc8+ Ke7 35. Rd7# 1-0

[Event "Retro WM 84 Glasgow"]
[Site "Zoom"]
[Date "2020.05.14"]
[Round "17"]
[White "Cyrus II Chess Amstrad , 8 MHz"]
[Black "Fidelity Prestige Glasg. CB16, 6 MHz"]
[Result "0-1"]
[WhiteElo "1671"]
[BlackElo "1870"]
[PlyCount "76"]

1. e4 c6 2. Nc3 d5 3. Nf3 Bg4 4. h3 Bxf3 5. Qxf3 e6 6. exd5 cxd5 7. Bb5+ Nc6 8.
Bxc6+ bxc6 9. d4 Rb8 10. O-O Bd6 11. Qg4 Qf6 12. Rd1 Qg6 13. Qxg6 hxg6 14. a4
Nf6 15. b3 e5 16. Ba3 Bxa3 17. Rxa3 exd4 18. Rxd4 Ke7 19. b4 Kd6 20. Ra1 Ke5
21. Rad1 Ne4 22. Nxe4 dxe4 23. a5 Rb7 24. c3 a6 25. Rd6 Rc7 26. Kh2 f6 27. Kg3
g5 28. R1d4 f5 29. Rd2 f4+ 30. Kg4 e3 31. fxe3 fxe3 32. R2d3 e2 33. Re3+ Kxd6
34. Rxe2 Re7 35. Rxe7 Kxe7 36. Kxg5 Rd8 37. Kf5 Rd3 38. c4 Rg3 0-1

[Event "Retro WM 84 Glasgow"]
[Site "Zoom"]
[Date "2020.05.14"]
[Round "36"]
[White "Fidelity Prestige Glasg. CB16, 6 MHz"]
[Black "Cyrus II Chess Amstrad , 8 MHz"]
[Result "1-0"]
[WhiteElo "1870"]
[BlackElo "1670"]
[PlyCount "79"]

1. f4 d5 2. Nf3 Nf6 3. g3 Nc6 4. Bg2 Bf5 5. O-O e6 6. d4 Bb4 7. Ne5 Nxe5 8.
fxe5 Ng4 9. h3 Nh6 10. c4 a5 11. cxd5 O-O 12. e4 Bg6 13. d6 a4 14. a3 Ba5 15.
dxc7 Bxc7 16. Bxh6 gxh6 17. Nc3 Bb6 18. Ne2 Qg5 19. Kh2 Rfd8 20. b3 Qe3 21. Rf3
Qg5 22. Rc3 Ra7 23. bxa4 Ba5 24. Rc5 b6 25. Rc6 Qe3 26. Qc2 Rad7 27. Rc8 Qf2
28. Rb1 Kh8 29. Rf1 Qe3 30. Rf3 Qd2 31. Qc6 Kg7 32. Rxd8 Rxd8 33. Qc7 b5 34.
Qa7 bxa4 35. Nf4 Kg8 36. Nxg6 fxg6 37. Rf7 Rxd4 38. Rg7+ Kh8 39. Rxh7+ Kg8 40.
Qf7# 1-0

[Event "Retro WM 84 Glasgow"]
[Site "Zoom"]
[Date "2020.05.15"]
[Round "30"]
[White "Fidelity Prestige Glasg. CB16, 6 MHz"]
[Black "Colossus 3.0 Atari 8 Bit , 3,5 MHz"]
[Result "1-0"]
[WhiteElo "1870"]
[BlackElo "1800"]
[PlyCount "91"]

1. d4 d5 2. c4 e6 3. Nc3 Nf6 4. Nf3 Bb4 5. Bg5 dxc4 6. e4 b5 7. a4 Qd7 8. Ne5
Qd6 9. axb5 Nxe4 10. Nxf7 Kxf7 11. Qf3+ Ke8 12. Qxe4 Qd5 13. Qxd5 exd5 14. Bf4
Kd7 15. Be5 Rg8 16. Be2 Bb7 17. Bg4+ Kd8 18. O-O Bxc3 19. bxc3 Bc8 20. Bh5 Bb7
21. Bf7 Rf8 22. Be6 g6 23. Ra5 Nd7 24. Bxd7 Kxd7 25. Rfa1 h5 26. Rxa7 Rxa7 27.
Rxa7 Kc8 28. Kf1 Re8 29. f4 Re6 30. Ra5 Kd7 31. h3 Rb6 32. g4 hxg4 33. hxg4 c6
34. bxc6+ Bxc6 35. f5 gxf5 36. gxf5 Rb2 37. f6 Ke6 38. Ra6 Kd7 39. Rxc6 Rb1+
40. Ke2 Rb2+ 41. Ke3 Ke8 42. Rc8+ Kf7 43. Rc7+ Kg6 44. Rg7+ Kh6 45. f7 Rb8 46.
Rg8 1-0

[Event "Retro WM 84 Glasgow"]
[Site "Zoom"]
[Date "2020.05.15"]
[Round "11"]
[White "Colossus 3.0 Atari 8 Bit , 3,5 MHz"]
[Black "Fidelity Prestige Glasg. CB16, 6 MHz"]
[Result "0-1"]
[WhiteElo "1800"]
[BlackElo "1870"]
[PlyCount "62"]

1. d4 Nf6 2. Nc3 c5 3. d5 e6 4. Bf4 exd5 5. Nxd5 d6 6. e3 Nc6 7. Bc4 Qa5+ 8. c3
Ng4 9. Nf3 Nge5 10. Be2 Nxf3+ 11. Bxf3 Ne5 12. Be4 f5 13. Bc2 Be6 14. e4 fxe4
15. Bxe5 dxe5 16. Qh5+ Kd7 17. Qxe5 Bf7 18. Bxe4 Bd6 19. Qxg7 Raf8 20. Nf6+ Kd8
21. Nxh7 Qa4 22. f3 Re8 23. Qxf7 Rxe4+ 24. fxe4 Qxe4+ 25. Kf2 Rxh7 26. Qg8+ Kc7
27. h3 Qf5+ 28. Ke1 Re7+ 29. Qe6 Rxe6+ 30. Kd2 Bf4+ 31. Kd1 Qd3# 0-1

[Event "Retro WM 84 Glasgow"]
[Site "Zoom"]
[Date "2020.05.16"]
[Round "27"]
[White "Conchess T6 Glasgow , 5,5 MHz"]
[Black "Fidelity Prestige Glasg. CB16, 6 MHz"]
[Result "0-1"]
[WhiteElo "1898"]
[BlackElo "1870"]
[PlyCount "82"]

1. e4 e5 2. Nf3 Nc6 3. Nc3 Nf6 4. Bb5 Bb4 5. O-O O-O 6. Nd5 Nxd5 7. exd5 e4 8.
dxc6 dxc6 9. Bxc6 bxc6 10. Ne5 Qd5 11. Ng4 Bd6 12. c3 Qe6 13. Ne3 Ba6 14. Re1
Bd3 15. Qh5 Rab8 16. Qf5 Qh6 17. Ng4 Qf4 18. Qxf4 Bxf4 19. Ne3 Bd6 20. h3 f5
21. g3 f4 22. gxf4 Rxf4 23. Nd1 Rf3 24. Re3 Rff8 25. a4 c5 26. Re1 Rf3 27. Re3
Rf5 28. a5 c4 29. Re1 Rh5 30. Kg2 Rbb5 31. Ne3 Rbg5+ 32. Ng4 Rh4 33. Re3 h5 34.
Rg3 hxg4 35. Rxg4 Rgxg4+ 36. hxg4 Be2 37. f4 exf3+ 38. Kf2 Bf4 39. d3 Rh2+ 40.
Ke1 Rh1+ 41. Kf2 Rf1# 0-1

[Event "Retro WM 84 Glasgow"]
[Site "Salzgitter"]
[Date "2020.05.16"]
[Round "8"]
[White "Fidelity Prestige Glasg. CB16, 6 MHz"]
[Black "Conchess T6 Glasgow , 5,5 MHz"]
[Result "0-1"]
[WhiteElo "1870"]
[BlackElo "1898"]
[PlyCount "258"]

1. d4 d5 2. c4 e6 3. Nc3 c5 4. cxd5 exd5 5. Nf3 Nc6 6. g3 Nf6 7. Bg2 Be7 8. O-O
O-O 9. Bg5 cxd4 10. Nxd4 Nxd4 11. Qxd4 Be6 12. Rfd1 Qa5 13. Rac1 Bc5 14. Qd2
Qb6 15. e3 Ne4 16. Nxd5 Nxd2 17. Nxb6 axb6 18. Rxd2 Rxa2 19. Bxb7 Bb4 20. Rdc2
Bb3 21. Re2 Ba3 22. Rb1 f6 23. Bf4 g5 24. bxa3 Rxe2 25. Rxb3 gxf4 26. gxf4 Ra2
27. Bd5+ Kg7 28. e4 Ra1+ 29. Kg2 Rd8 30. f5 Rb8 31. Rc3 Rf8 32. f4 Rb1 33. Kf3
h5 34. Rc7+ Kh6 35. Rc6 Ra1 36. Bb3 b5 37. Rb6 Rxa3 38. Rxb5 Rc8 39. Kg2 Rc3
40. Bd1 Ra2+ 41. Kf1 Rd2 42. Rd5 Rxd5 43. exd5 Rd3 44. Ke2 Rxd5 45. Bc2 Ra5 46.
h4 Ra1 47. Be4 Rg1 48. Bf3 Rb1 49. Ke3 Rb3+ 50. Kf2 Rb5 51. Be4 Rb2+ 52. Kg3
Ra2 53. Bd5 Ra5 54. Be4 Kg7 55. Kf2 Kf7 56. Kf3 Ke7 57. Bd3 Ra1 58. Be2 Rg1 59.
Kf2 Rg7 60. Bf3 Kd6 61. Ke3 Kc5 62. Ke4 Re7+ 63. Kd3 Rd7+ 64. Ke4 Rh7 65. Ke3
Kc4 66. Be2+ Kc3 67. Bf3 Re7+ 68. Kf2 Kd4 69. Kg3 Rg7+ 70. Kf2 Rh7 71. Ke2 Rh6
72. Kd2 Rh8 73. Ke2 Rc8 74. Bxh5 Rh8 75. Bf7 Rxh4 76. Kf3 Rh3+ 77. Kg4 Rh1 78.
Be8 Ke3 79. Kg3 Rg1+ 80. Kh2 Rf1 81. Bd7 Kf3 82. Bb5 Rc1 83. Ba4 Rc5 84. Bd7
Rc2+ 85. Kg1 Rg2+ 86. Kf1 Rd2 87. Ba4 Rd4 88. Bc2 Rc4 89. Bd1+ Kxf4 90. Bb3
Rc1+ 91. Ke2 Kxf5 92. Kd2 Rc8 93. Ba4 Kf4 94. Bb3 Kg3 95. Be6 Rd8+ 96. Kc3 Kg2
97. Bg4 Rd6 98. Kc4 Kf2 99. Bf5 Kg1 100. Kc5 Rd2 101. Bg6 Rd1 102. Be4 Rd8 103.
Kc6 Rf8 104. Bf5 Re8 105. Kd6 Re5 106. Bh3 Rh5 107. Bg4 Rg5 108. Bd7 Ra5 109.
Bc8 f5 110. Bb7 f4 111. Be4 Ra3 112. Ke5 f3 113. Bxf3 Rxf3 114. Kd6 Kf2 115.
Ke6 Ke3 116. Ke5 Rh3 117. Kd5 Rh5+ 118. Kd6 Ke4 119. Kc6 Kd4 120. Kd7 Kd5 121.
Ke7 Rf5 122. Kd7 Rf7+ 123. Ke8 Ke6 124. Kd8 Rd7+ 125. Kc8 Ke7 126. Kb8 Kd8 127.
Ka8 Kc7 128. Ka7 Rd6 129. Ka8 Ra6# 0-1